000 00919nam a2200253 a 4500
001 16405
003 CO-ViMGA
008 141112s2004 ck r 000 u spa d
020 _a8495114364
040 _aCO-ViMGA
_bspa
_cCO-ViMGA
082 0 4 _a796.5 G845a
100 1 _aCasterad Seral, Jaime; Guillen Correas, Roberto; Lapetra Costa, Susana
_923453
245 1 0 _aActividades en la naturaleza
260 _aBarcelona (España) :
_bInde,
_c2000
300 _a104.p.il.fotos
490 _aBiblioteca temática del deporte
505 _aActividad física y deportiva en el medio natural - Historia - Deporte en la nieve - Senderismo - Barranquismo
590 _aForma de adquisición : Premio - Mincultura
650 1 4 _aDEPORTES - ENSEÑANZA
_923454
650 1 4 _aeducación FISICA - ENSEÑANZA - MANUALES
_923455
650 1 4 _aJUEGOS - ENSEÑAZA
_923456
650 1 4 _aVIDA AL AIRE LIBRE
_918555
942 _2ddc
_cBK
999 _c26271
_d26271